Random Stuff - Statistics

General Stats
  • This quiz has been taken 19 times
  • The average score is 5 of 9
Answer Stats
Question Answer % Correct
What keeps us on the ground? Gravity
88%
If I was born May 29, what sign am I? Gemini
76%
What play is Shakespeare known for? Romeo and Juliet
76%
Who was the 2nd U.S. president? John Adams
65%
Where would you find the Chitzen Itza? Mexico
65%
What country is the Māori tribe in? New Zealand
65%
What killed the dinosaurs? Asteroid
47%
On what day did the Allies land in Normandy? June 6
35%
How many trees are on earth? 3 trillion
24%
No matching quizzes found
Score Distribution
Percent of People with Each Score
Percentile by Number Answered
Your Score History
You have not taken this quiz